Bøker i den Katolske Bibelen - Statistics

General Stats
  • This quiz has been taken 6 times
  • The average score is 12 of 73
Answer Stats
Navn % Correct
Første Mosebok
100%
Evangeliet etter Matteus
67%
Femte Mosebok
67%
Job
67%
Andre Mosebok
33%
Brevet til hebreerne
33%
Ester
33%
Evangeliet etter Johannes
33%
Evangeliet etter Lukas
33%
Evangeliet etter Markus
33%
Fjerde Mosebok
33%
Høysangen
33%
Jakobs brev
33%
Johannes' andre brev
33%
Johannes' åpenbaring
33%
Johannes' første brev
33%
Johannes' tredje brev
33%
Josva
33%
Judas' brev
33%
Klagesangene
33%
Paulus' andre brev til korinterne
33%
Paulus' brev til efeserne
33%
Paulus' brev til filipperne
33%
Paulus' brev til galaterne
33%
Paulus' brev til romerne
33%
Paulus' første brev til korinterne
33%
Peters andre brev
33%
Peters første brev
33%
Rut
33%
Salmenes bok
33%
Tredje Mosebok
33%
Amos
0%
Andre Kongebok
0%
Andre Krønikebok
0%
Andre makkabeerbok
0%
Andre Samuelsbok
0%
Apostlenes gjerninger
0%
Baruk
0%
Daniel
0%
Dommerne
0%
Esekiel
0%
Esra
0%
Forkynneren
0%
Første Kongebok
0%
Første Krønikebok
0%
Første makkabeerbok
0%
Første Samuelsbok
0%
Habakkuk
0%
Haggai
0%
Hosea
0%
Jeremia
0%
Jesaja
0%
Joel
0%
Jona
0%
Judit
0%
Malaki
0%
Mika
0%
Nahum
0%
Nehemja
0%
Obadja
0%
Paulus' andre brev til tessalonikerne
0%
Paulus' andre brev til Timoteus
0%
Paulus' brev til Filemon
0%
Paulus' brev til kolosserne
0%
Paulus' brev til Titus
0%
Paulus' første brev til tessalonikerne
0%
Paulus' første brev til Timoteus
0%
Sakarja
0%
Salomos ordspråk
0%
Sefanja
0%
Sirak
0%
Tobit
0%
Visdommens bok
0%
No matching quizzes found
Score Distribution
Percent of People with Each Score
Percentile by Number Answered
Your Score History
You have not taken this quiz